000 00831nam a2200277 i 4500
003 DO-SdBNP
005 20240704141456.0
007 ta
008 210316b2024 dr c|||| |||| 00| 0 spa d
020 _a9789945189216
040 _aDO-SdBNP
_bspa
_cBNPHU
_erda
082 4 _222
100 _aPeña, Enegildo,
_979641
_eautor
245 1 0 _a Antología Taller Literario Virgilio Díaz Grullón /
_cEnegíldo Peña
264 _aSanto Domingo :
_bTiempo de Nosotros,
_c2024.
300 _a150 páginas ;
_c23 cm
336 _2rdacontent
_atexto
_btxt
337 _2rdamedia
_asin mediación
_bn
338 _2rdacarrier
_avolumen
_bnc
500 _aIncluye datos biográficos del autor en las solapas
590 _aInventariado, 2024/BT
650 _965
650 _978146
910 _aInventariado, 2024/BT
942 _2ddc
_cLBS1
999 _c57171
_d57171